|
|
|
|
| LEADER |
01331nam a22002417a 4500 |
| 003 |
BD-DhAAL |
| 005 |
20260513124409.0 |
| 008 |
260513t2026 bg a|||| |||| 00| 0 ben d |
| 020 |
|
|
|a 9789845065375
|
| 040 |
|
|
|a BD-DhAAL
|c BD-DhAAL
|
| 100 |
|
|
|a আজাদ, শিবলী.
|9 60718
|
| 245 |
|
|
|a পনেরো মাদ্রাসা সমন্বয়কের সাক্ষাৎকার /
|c শিবলী আজাদ.
|
| 260 |
|
|
|a ঢাকা :
|b দি ইউনিভার্সিটি প্রেস লিমিটেড(ইউ পি এল),
|c ২০২৬.
|
| 300 |
|
|
|a xxvi, ২৫৪ :
|b চিত্র :
|c ২২ সে.মি.
|
| 526 |
|
|
|a GenEd
|
| 541 |
|
|
|a Hye Trade International
|
| 852 |
1 |
|
|a Ayesha Abed Library
|c General Stacks
|
| 942 |
|
|
|2 ddc
|c BK
|
| 999 |
|
|
|c 47943
|d 47943
|
| 952 |
|
|
|0 0
|1 0
|2 ddc
|4 0
|7 0
|9 79200
|a BRACUL
|b BRACUL
|d 2026-05-13
|e 44
|g 630.00
|l 0
|r 2026-05-13
|t 2
|v 1260.00
|w 2026-05-13
|y BK
|z In process
|
| 952 |
|
|
|0 0
|1 0
|2 ddc
|4 0
|7 0
|9 79201
|a BRACUL
|b BRACUL
|d 2026-05-13
|e 44
|g 630.00
|l 0
|r 2026-05-13
|t 4
|v 1260.00
|w 2026-05-13
|y BK
|z In process
|
| 952 |
|
|
|0 0
|1 0
|2 ddc
|4 0
|7 0
|9 79202
|a BRACUL
|b BRACUL
|d 2026-05-13
|e 44
|g 630.00
|l 0
|r 2026-05-13
|t 3
|v 1260.00
|w 2026-05-13
|y BK
|z In process
|
| 952 |
|
|
|0 0
|1 0
|2 ddc
|4 0
|7 0
|9 79203
|a BRACUL
|b BRACUL
|d 2026-05-13
|e 44
|g 630.00
|l 0
|r 2026-05-13
|t 1
|v 1260.00
|w 2026-05-13
|y BK
|z In process
|